00922nam a2200193 a 450000100100000000500170001000800410002704000250006808200140009311000780010724500510018526000980023630000200033404900090035495201180036395201120048195201180059399900170071100003019320200930060124.0110504s2010 dr 000 0 spa d aDO-SdBNPbspacBNPHU axxxbD5981 aDirección para Asuntos de la Carrera Judicial del Poder Judicial95690010aCultura del capital humano del Poder Judicial. a[Santo Domingo] :bDirección para Asuntos de la Carrera Judicial del Poder Judicial,c2010. a32 p. ;c22 cm. aBNPD 0010718DSaGRbGRcCTd2011-05-04iLF1l0oxxx D598p30193-30r2020-06-25te. 3w2020-06-25yLFDSZNo se presta 0010718PDaPDbPDcCTd2011-05-04iLF1l0oxxx D598p30193-10r2020-06-25w2020-06-25yLFPDZNo se presta 0010718PDaPDbPDcCTd2011-05-04iLF1l0oxxx D598p30193-20r2020-06-25te. 2w2020-06-25yLFPDZNo se presta c29685d29685